| 000 | 00390nam a2200145 a 4500 | ||
|---|---|---|---|
| 005 | 20140412111416.0 | ||
| 008 | 070817s19uu xx 00 eng d | ||
| 020 | _a0-307-99503-8 | ||
| 050 |
_aER _bWh56 1999 |
||
| 100 | _aFleming, Maria | ||
| 245 |
_aWhere do kisses come from? / _cMaria Fleming. |
||
| 260 |
_aU.S.A : _bGolden book, _c1999. |
||
| 300 | _a1 v. (unpaged) | ||
| 999 |
_c105850 _d105850 |
||